| 000 | 00545nam a22001577a 4500 | ||
|---|---|---|---|
| 082 |
_a621.4 _bNAJ |
||
| 100 |
_aNajib Ul Hassan (363475) _9128190 |
||
| 245 | _aTechno-Economic Analysis of Grid Connected Hybrid Indigenous Resources Based Energy System Across Various Climate Zones of Pakistan / | ||
| 264 |
_aIslamabad : _bUSPCAS-E, NUST _cJan, 2025 |
||
| 300 |
_axiv, 42 p. _e+CD |
||
| 520 | _aTH-623 | ||
| 650 |
_aMS TEE Thesis _9116575 |
||
| 650 |
_aMS Thesis _918721 |
||
| 700 |
_aSupervisor: Dr. Ali Abbas Kazmi _9128191 |
||
| 942 |
_2ddc _cTHE |
||
| 999 |
_c613241 _d613241 |
||